| 000 | 01689nam a2200337 i 4500 | ||
|---|---|---|---|
| 003 | DO-SdBNP | ||
| 005 | 20250704101009.0 | ||
| 007 | ta | ||
| 008 | 250626b2010 dr aco|| |||| 001 0 spa d | ||
| 040 |
_aDO-SdBNP _bspa _cBNPHU _erda |
||
| 082 |
_a070.4 _bL773 _222 |
||
| 110 | 1 |
_aListín Diario (República Dominicana) _953034 |
|
| 245 | 1 | 0 |
_aListin Diario : _bla herencia del pasado, el respeto del presente y la conquista del futuro : 120 años / _cautores, Nereida Lahit Bignott, María Isabel Soldevila Brea, Yaniris López |
| 264 |
_aSanto Domingo : _bEditora Listín Diario , _c2010. |
||
| 300 |
_a297 páginas ; _bilustraciones, retratos, fotografías _c32 cm. |
||
| 336 |
_atexto _btxt _2rdacontent |
||
| 337 |
_asin mediación _bn _2rdamedia |
||
| 338 |
_avolumen _bnc _2rdacarrier |
||
| 500 | _aIncluye índice onomástico. | ||
| 504 | _aBibliografía p: 296-297 | ||
| 505 |
_tMensaje del señor Ramón Báez Román, presidente del Listín Diario -- _tCarta del señor Miguel Franjul, director del Listín Diario -- _tNuestra historia -- _tNuestros colaboradores históricos -- _t120 años en imágenes -- _tLa República -- _tEl deporte -- _tLa vida y las sociales -- _tEconomía y negocios -- _tEntretenimiento -- _tSobre los autores / |
||
| 590 | _aInventariado, 2025/ YL | ||
| 650 | 7 |
_aAlimentación _zAspectos sociales y económicos _988192 |
|
| 650 | 7 |
_aAlimentación _xHigiene y salud _988193 |
|
| 650 | 7 |
_aAlimentos _xConservación _988194 |
|
| 700 | 1 |
_aLahit Bignott, Nereida _eautor, _4aut. _962121 |
|
| 700 | 1 |
_aSoldevila Brea, María Isabel _eautor _4aut. _988198 |
|
| 700 | 1 |
_aLópez, Yaniris _eautor _4aut. _988199 |
|
| 910 | _aYLockward | ||
| 942 |
_2ddc _cLBS1 |
||
| 999 |
_c59384 _d59384 |
||